01025naa#a2200217#i#4500001001600000005001700016011001400033100004100047102000700088200013600095210011800231215001100349608004500360675009100405686006400496700006600560700005800626700005600684700005200740856001500792RU\\bibl\12325220260603190533.3##a2782-5957##a20260529b2026####ek#y0rusy0150####ca##aRU1#aДИНАМИЧЕСКАЯ МОДЕЛЬ ЭКИПАЖНОЙ ЧАСТИ ТЕПЛОВОЗА 2ТЭ25АeЖурнальная статья1#aБрянскcБрянский государственный технический университетd2026##a11 с.##aЖурнальная статья2local##aЛокомотивы в зависимости от их назначения. 629.421##aЖелезнодорожный транспорт. 3922bbk#1aПерфильевgКонстантин Степанович#1aВолоховgГригорий Михайлович#1aЖуравлевgСергей Николаевич#1aОганьянgЭдуард Сергеевич4#anaukaru.ru